| 000 | 00501cam a22001931 4500 | ||
|---|---|---|---|
| 001 | af 48003618 | ||
| 003 | DLC | ||
| 005 | 20260227110903.0 | ||
| 008 | 890403s1946 au 000 1 ger c | ||
| 010 | _aaf 48003618 | ||
| 035 | _a(OCoLC)19489791 | ||
| 040 |
_aYale Univ. Library _cCU _dDLC |
||
| 042 | _apremarc | ||
| 050 | 0 | 0 |
_aPT2615.A286 _bS35 |
| 100 | 1 | _aHagen, Hans Wolfgang. | |
| 245 | 1 | 0 |
_aSchlagende Wetter; _bRoman. |
| 260 |
_aSalzburg, _bFestungsverlag _c[c1946] |
||
| 300 |
_a116 p. _c20 cm. |
||
| 999 |
_c5684 _d5684 |
||